|
|
|
|
| LEADER |
01412nam a22003254a 4500 |
| 001 |
30098 |
| 003 |
BD-DhAAL |
| 005 |
20151101123415.0 |
| 008 |
151101s2006 maua b 001 0 eng |
| 010 |
|
|
|a 2004058797
|
| 020 |
|
|
|a 0073126489
|
| 020 |
|
|
|a 0072981423 (softcover : alk. paper)
|
| 040 |
|
|
|a DLC
|c DLC
|d DLC
|d BD-DhAAL
|
| 042 |
|
|
|a pcc
|
| 050 |
0 |
0 |
|a LB1051
|b .S262 2006
|
| 082 |
0 |
0 |
|a 370.15
|2 22
|
| 100 |
1 |
|
|a Santrock, John W.
|9 11724
|
| 245 |
1 |
0 |
|a Educational psychology /
|c John W. Santrock.
|
| 250 |
|
|
|a Classroom update, preparing for PRAXIS and practice, 2nd ed.
|
| 260 |
|
|
|a Boston :
|b McGraw-Hill,
|c c2006.
|
| 300 |
|
|
|a 1 v. (various pagings) :
|b ill. (chiefly col.) ;
|c 28 cm. +
|e 1 CD-ROM (4 3/4 in.)
|
| 504 |
|
|
|a Includes bibliographical references and index.
|
| 538 |
|
|
|a Systems requirements for accompanying CD-ROM: Windows: IBM PC or 100% compatible; Pentium processor; Microsoft Windows. Macintosh: Power PC or higher processor; Mac OS 10.2, 10.3, or 9.
|
| 541 |
|
|
|e 30098
|
| 650 |
|
0 |
|a Educational psychology.
|9 10588
|
| 650 |
|
0 |
|a Learning, Psychology of.
|9 15870
|
| 650 |
|
0 |
|a Motivation in education.
|9 15871
|
| 942 |
|
|
|2 ddc
|c BK
|
| 999 |
|
|
|c 35985
|d 35985
|
| 952 |
|
|
|0 0
|1 0
|2 ddc
|4 0
|6 370_150000000000000_SAN
|7 0
|9 56537
|a BRACUL
|b BRACUL
|c GEN
|d 2015-11-01
|e BRAC Institute of Language (BIL)
|l 0
|o 370.15 SAN
|p 3010030098
|r 2015-11-01
|t 1
|w 2015-11-01
|y BK
|x Transferred from BIL to BRACUL on 06/06/22
|